[Event "2007. Central Serbia champions"]
[Site "Vrnjacka Banja"]
[Date "2007.12.14"]
[Round "7.4"]
[White "Maksimovic, Branimir"]
[Black "Lajthajm, Borko"]
[Result "1/2-1/2"]
[WhiteElo "2367"]
[BlackElo "2512"]
[PlyCount "43"]
[EventDate "2007.12.10"]

1. d4 Nf6 2. Nf3 e6 3. e3 c5 4. Bd3 b6 5. O-O Nc6 6. c4 Bb7 7. Nc3 d5 8. cxd5
exd5 9. b3 Bd6 10. dxc5 bxc5 11. e4 d4 12. Nb5 O-O 13. Re1 Re8 14. Bg5 h6 15.
Bxf6 Qxf6 16. Nxd6 Qxd6 17. Bb5 Re7 18. Bxc6 Bxc6 19. Nd2 Rae8 20. Qc2 f5 21.
Rac1 Bxe4 22. Qxc5 1/2-1/2

[Event "2007. Central Serbia champions"]
[Site "Vrnjacka Banja"]
[Date "2007.12.14"]
[Round "7.5"]
[White "Kostic, Vladimir G"]
[Black "Abramovic, Bosko"]
[Result "1-0"]
[WhiteElo "2402"]
[BlackElo "2508"]
[PlyCount "67"]
[EventDate "2007.12.10"]

1. e4 e5 2. Nf3 Nc6 3. Bb5 a6 4. Ba4 Nf6 5. d3 d6 6. c3 g6 7. d4 Bd7 8. O-O Bg7
9. Re1 O-O 10. h3 Qe8 11. Bb3 b5 12. Nbd2 Na5 13. Bc2 c5 14. d5 Bh6 15. Bd3 Nh5
16. Bf1 Kh8 17. b4 Nb7 18. a4 bxa4 19. Nc4 Bxc1 20. Qxc1 cxb4 21. cxb4 Qd8 22.
Qe3 a5 23. bxa5 Nxa5 24. Nxd6 Qf6 25. Nc4 Nxc4 26. Bxc4 Rfc8 27. Bf1 Qd6 28.
Nd2 Rab8 29. Nc4 Qe7 30. Rec1 Rb3 31. Qh6 f6 32. Nxe5 Rcc3 33. Nxg6+ Kg8 34.
Nxe7+ 1-0

[Event "2007. Central Serbia champions"]
[Site "Vrnjacka Banja"]
[Date "2007.12.14"]
[Round "7.6"]
[White "Cabrilo, Goran"]
[Black "Benderac, Ana"]
[Result "1/2-1/2"]
[WhiteElo "2497"]
[BlackElo "2328"]
[PlyCount "92"]
[EventDate "2007.12.10"]

1. e4 c5 2. Nf3 d6 3. d4 cxd4 4. Nxd4 Nf6 5. Nc3 a6 6. Be2 e5 7. Nb3 Be7 8. O-O
Be6 9. f4 Qc7 10. a4 O-O 11. Kh1 Nbd7 12. Be3 Rac8 13. a5 Rfd8 14. f5 Bc4 15.
Bxc4 Qxc4 16. Ra4 Qc7 17. Qf3 d5 18. exd5 b5 19. axb6 Nxb6 20. Bxb6 Qxb6 21.
Rfa1 Bb4 22. Rxa6 Qb7 23. Ra7 Qb8 24. Ne4 Nxd5 25. Qh5 Rc7 26. Rxc7 Qxc7 27. c3
Bf8 28. Nbd2 Qb7 29. Nc4 Nf4 30. Qf3 Qb5 31. Ned2 Nd3 32. Rf1 Bc5 33. b3 Qb8
34. b4 Bf8 35. Ne4 Qc7 36. Ne3 Nf4 37. g3 Nd3 38. Rd1 Qc6 39. Kg2 Be7 40. Nf2
Qxc3 41. Nd5 Ne1+ 42. Rxe1 Qxf3+ 43. Kxf3 Rxd5 44. Rb1 Rb5 45. Nd3 g6 46. g4 h5
1/2-1/2

[Event "2007. Central Serbia champions"]
[Site "Vrnjacka Banja"]
[Date "2007.12.14"]
[Round "7.7"]
[White "Todorovic, Goran M"]
[Black "Nikolic, Stanimir"]
[Result "1-0"]
[WhiteElo "2470"]
[BlackElo "2297"]
[PlyCount "79"]
[EventDate "2007.12.10"]

1. e4 c5 2. Nf3 d6 3. d4 cxd4 4. Nxd4 Nf6 5. Nc3 a6 6. Be3 b5 7. a4 b4 8. Nd5
Nxd5 9. exd5 Bb7 10. Bc4 Qc7 11. Bb3 Nd7 12. Qd2 Nf6 13. O-O Bxd5 14. Bxd5 Nxd5
15. Nb5 axb5 16. Qxd5 Rb8 17. axb5 e6 18. Qf3 Be7 19. Ra7 Qc4 20. Qg3 Qxb5 21.
Qxg7 Qe5 22. Qxe5 dxe5 23. Rd1 Bf6 24. Bc5 Rg8 25. Bxb4 Rg4 26. c3 e4 27. Kf1
Rd8 28. Rxd8+ Bxd8 29. Bd6 Rg5 30. c4 Rf5 31. b4 Bf6 32. Bc5 Bc3 33. Ke2 Rg5
34. Ke3 Rxg2 35. Re7+ Kd8 36. Rxf7 Rxh2 37. b5 Rh5 38. Bd6 e5 39. c5 Rh1 40.
Kxe4 1-0

[Event "2007. Central Serbia champions"]
[Site "Vrnjacka Banja"]
[Date "2007.12.14"]
[Round "7.9"]
[White "Arsovic, Goran"]
[Black "Djosic, Slavoljub"]
[Result "1-0"]
[WhiteElo "2478"]
[BlackElo "2280"]
[PlyCount "107"]
[EventDate "2007.12.10"]

1. d4 Nf6 2. Nf3 g6 3. c4 Bg7 4. g3 O-O 5. Bg2 d5 6. cxd5 Nxd5 7. O-O Nb6 8.
Nc3 Nc6 9. d5 Na5 10. Qc2 c6 11. dxc6 Nxc6 12. Rd1 Qe8 13. h3 h6 14. e4 Be6 15.
Bf4 Rc8 16. Rac1 Rd8 17. b3 Rxd1+ 18. Rxd1 Qc8 19. Nd5 Nxd5 20. exd5 Ne5 21.
Qxc8 Nxf3+ 22. Bxf3 Bxc8 23. h4 Bd7 24. d6 exd6 25. Bxb7 Rb8 26. Bf3 Rb6 27.
Rxd6 Rxd6 28. Bxd6 Bd4 29. Bf4 Kg7 30. Be3 Bxe3 31. fxe3 Kf6 32. Kf2 Ke5 33.
Ke2 f5 34. Kd3 Bb5+ 35. Kc3 g5 36. hxg5 hxg5 37. Kb4 Bd3 38. Kc3 Ba6 39. Bg2 f4
40. exf4+ gxf4 41. gxf4+ Kxf4 42. Kd4 Kf5 43. Kc5 Ke5 44. b4 Bd3 45. a4 Be2 46.
b5 Bd3 47. Bh3 Be2 48. Bd7 Bd3 49. a5 Be2 50. Bc8 Bd3 51. Bh3 Be2 52. Bg2 Bd3
53. Kc6 Kd4 54. a6 1-0

[Event "2007. Central Serbia champions"]
[Site "Vrnjacka Banja"]
[Date "2007.12.14"]
[Round "7.10"]
[White "Sredojevic, Ivan"]
[Black "Zivkovic, Ivan B"]
[Result "1/2-1/2"]
[WhiteElo "2357"]
[BlackElo "2222"]
[Annotator ",compaq"]
[PlyCount "80"]
[EventDate "2007.12.10"]

1. e4 c5 2. Nf3 d6 3. Nc3 Nf6 4. e5 dxe5 5. Nxe5 e6 6. g3 Nbd7 7. Nc4 Nb6 8.
Ne3 Bd7 9. Bg2 Qc8 10. O-O Bc6 11. Qe2 Be7 12. a4 O-O 13. d3 Re8 14. a5 Bxg2
15. Nxg2 Nbd5 16. Ne4 Qc6 17. Bd2 Rac8 18. b3 Nc7 19. c4 Red8 20. Bc3 Nce8 21.
Ne1 Nxe4 22. dxe4 Rd7 $11 23. Nd3 f6 24. Rad1 Rcd8 25. f4 Nd6 26. Nf2 Bf8 27.
Rd2 Nc8 28. Rfd1 Ne7 29. Qe3 Nc8 30. g4 Rxd2 31. Rxd2 Rxd2 32. Qxd2 Qd6 33. Qe3
Ne7 34. e5 fxe5 35. Bxe5 Qc6 36. h4 h5 37. gxh5 Nf5 38. Qe4 Qd7 39. Qd3 Qe8 40.
Qf3 Qd7 1/2-1/2

[Event "2007. Central Serbia champions"]
[Site "Vrnjacka Banja"]
[Date "2007.12.14"]
[Round "7.11"]
[White "Biljanic, Ljubomir"]
[Black "Karaklajic, Milutin"]
[Result "1-0"]
[WhiteElo "2291"]
[BlackElo "2099"]
[Annotator ",compaq"]
[PlyCount "98"]
[EventDate "2007.12.10"]

1. d4 e6 2. c4 d5 3. Nc3 dxc4 4. e3 a6 5. Bxc4 b5 6. Be2 Bb7 7. Bf3 c6 8. Nge2
Nf6 9. O-O Nbd7 10. Ng3 Qb6 11. e4 Rd8 12. Be3 c5 13. d5 Ne5 14. b4 Qc7 15.
bxc5 Bxc5 16. Bxc5 Qxc5 17. Rc1 O-O 18. Qe2 Nc4 19. dxe6 fxe6 20. a4 Nd7 21.
Bg4 Rf6 22. Nh5 Rh6 23. axb5 Nde5 24. Nf4 Rd2 25. Bxe6+ Rxe6 26. Nxe6 Qe7 27.
Qh5 Qxe6 28. bxa6 Bxa6 29. Rb1 Rd8 30. Nd5 Nf7 31. Nc7 Qc8 32. Nxa6 Qxa6 33.
Rfd1 Rf8 34. Qd5 Nce5 35. Ra1 Qg6 36. Ra8 Qc6 37. Rxf8+ Kxf8 38. Qd4 g5 39. h3
Qf6 40. Qe3 Kg7 41. g3 h5 42. f4 Ng6 43. Rf1 Qd8 44. e5 Qe7 45. e6 gxf4 46.
gxf4 Kh7 47. f5 Nf8 48. Qe4 Qc5+ 49. Kh2 Ng5 {...} 1-0

[Event "2007. Central Serbia champions"]
[Site "Vrnjacka Banja"]
[Date "2007.12.14"]
[Round "7.12"]
[White "Boskovic, Zlatomir"]
[Black "Spiric, Igor"]
[Result "1/2-1/2"]
[WhiteElo "2207"]
[BlackElo "2278"]
[PlyCount "50"]
[EventDate "2007.12.10"]

1. d4 Nf6 2. c4 c5 3. e3 e6 4. Nc3 d5 5. Nf3 Nc6 6. Bd3 dxc4 7. Bxc4 cxd4 8.
exd4 Be7 9. O-O O-O 10. Bg5 b6 11. a3 Bb7 12. Bb3 h6 13. Be3 Na5 14. Ba2 Rc8
15. Ne5 Bxa3 16. Bxe6 Bxb2 17. Rxa5 bxa5 18. Bxf7+ Rxf7 19. Nxf7 Qe7 20. Na4
Qxf7 21. Nxb2 Bxg2 22. Kxg2 Qg6+ 23. Kh1 Qe4+ 24. Kg1 Qg6+ 25. Kh1 Qe4+ 1/2-1/2

[Event "2007. Central Serbia champions"]
[Site "Vrnjacka Banja"]
[Date "2007.12.14"]
[Round "7.13"]
[White "Pantelic, Sasa"]
[Black "Radovanovic, Slavko"]
[Result "0-1"]
[WhiteElo "2237"]
[BlackElo "2200"]
[PlyCount "118"]
[EventDate "2007.12.10"]

1. d4 Nf6 2. c4 d6 3. Nf3 g6 4. Nc3 Bg7 5. g3 c6 6. Bg2 O-O 7. O-O Nbd7 8. Bf4
Nh5 9. Bg5 h6 10. Be3 Nb6 11. b3 a5 12. h3 Nf6 13. Qd2 Kh7 14. a4 Ne8 15. Rfd1
Nd7 16. Rac1 Nc7 17. h4 Nf6 18. Bf4 Ne6 19. e4 Nxf4 20. Qxf4 Qb6 21. Rb1 Ng4
22. Qd2 Qc7 23. Nh2 e5 24. d5 c5 25. f3 Nf6 26. g4 Qe7 27. Qf2 Ne8 28. Qg3 Bf6
29. Bf1 Bxh4 30. Qg2 Bg5 31. Bd3 Kg7 32. Nf1 Rh8 33. Ng3 Nf6 34. Kf2 h5 35.
gxh5 Nxh5 36. Nxh5+ Rxh5 37. Rh1 Bh4+ 38. Ke2 Bd7 39. Rbg1 Rah8 40. Nd1 Bg5 41.
Rxh5 Rxh5 42. Rh1 Rxh1 43. Qxh1 Qf6 44. Qh2 Bf4 45. Qg2 Qh4 46. Nf2 Bh6 47. Qg1
Qf4 48. Qd1 Bg5 49. Bc2 Qe3+ 50. Kf1 Bh4 51. Qe2 Qf4 52. Bd3 Qh2 53. Qe3 Bg3
54. Bc2 Bf4 55. Qe1 b6 56. Bd1 g5 57. Ng4 Qh3+ 58. Ke2 Qg2+ 59. Kd3 Qb2 0-1

[Event "2007. Central Serbia champions"]
[Site "Vrnjacka Banja"]
[Date "2007.12.14"]
[Round "7.14"]
[White "Kojovic, Dragan"]
[Black "Ilic, Slobodan S"]
[Result "1-0"]
[WhiteElo "2413"]
[BlackElo "2166"]
[PlyCount "119"]
[EventDate "2007.12.10"]

1. e4 c5 2. Nf3 e6 3. d4 cxd4 4. Nxd4 Nf6 5. Nc3 d6 6. Be2 Nc6 7. Be3 Be7 8.
O-O O-O 9. f4 a6 10. Qe1 Qc7 11. Qg3 g6 12. Kh1 Nxd4 13. Bxd4 b5 14. e5 dxe5
15. fxe5 Nd7 16. Ne4 Bb7 17. Bf3 Bxe4 18. Bxe4 Rad8 19. c3 Nb6 20. Qf2 Nd5 21.
Rad1 Rd7 22. Rd3 Bg5 23. h4 Bh6 24. Bc5 Rc8 25. Bd6 Qc4 26. Qf3 f5 27. Bxd5
Qxh4+ 28. Kg1 exd5 29. Qxd5+ Kh8 30. Rh3 Qg5 31. e6 Rdd8 32. e7 Qxe7 33. Bxe7
Rxd5 34. Rxh6 Kg7 35. Rh3 Re8 36. Bg5 Re2 37. Bc1 Rc2 38. Rhf3 Re2 39. R3f2 Re6
40. Rd2 Rxd2 41. Bxd2 Kf6 42. Re1 Rc6 43. Be3 g5 44. Bd4+ Kg6 45. Kf2 h5 46.
Re5 Rd6 47. a3 Rc6 48. g3 Rd6 49. a4 bxa4 50. Ra5 Re6 51. Rxa4 h4 52. gxh4 gxh4
53. Rb4 Kg5 54. Be3+ Kh5 55. Kf3 Rg6 56. Bf2 Rg4 57. Rb8 Kg5 58. Rg8+ Kh5 59.
Rh8+ Kg5 60. Rxh4 1-0

[Event "2007. Central Serbia champions"]
[Site "Vrnjacka Banja"]
[Date "2007.12.14"]
[Round "7.15"]
[White "Savic, Dragan"]
[Black "Radosavljevic, Slobodan D"]
[Result "0-1"]
[WhiteElo "2229"]
[BlackElo "2256"]
[Annotator ",compaq"]
[PlyCount "88"]
[EventDate "2007.12.10"]

1. e4 c6 2. d4 d5 3. exd5 cxd5 4. Nf3 Nf6 5. Ne5 g6 6. Bb5+ Nbd7 7. Qf3 Bg7 8.
c4 O-O 9. Bxd7 Bxd7 10. O-O Be6 11. c5 Ne4 12. b4 a5 13. Nd2 axb4 14. Nxe4 dxe4
15. Qxe4 Bd5 16. Qe2 Ra4 17. Bd2 Rxa2 18. Rxa2 Bxa2 19. Qe3 b3 20. Bc3 Qd5 21.
Re1 $11 e6 22. h3 Bxe5 23. Qxe5 Qxe5 24. Rxe5 Rd8 25. Re1 f6 26. f4 Kf7 27. Kf2
b6 28. Ke3 bxc5 29. dxc5 Rd5 30. Bd4 Rxd4 31. Kxd4 b2 32. c6 b1=Q 33. Rxb1 Bxb1
34. c7 e5+ 35. fxe5 Bf5 36. exf6 Kxf6 37. Kd5 Bc8 38. Kd6 Kf5 39. Ke7 g5 40.
Kf7 h5 41. h4 gxh4 42. Kg7 Kg5 43. Kh7 h3 44. gxh3 Bxh3 0-1

[Event "2007. Central Serbia champions"]
[Site "Vrnjacka Banja"]
[Date "2007.12.14"]
[Round "7.16"]
[White "Stojanovic, Zlatko"]
[Black "Colovic, Zoran"]
[Result "1-0"]
[WhiteElo "2245"]
[BlackElo "2234"]
[PlyCount "77"]
[EventDate "2007.12.10"]

1. e4 c5 2. Nf3 Nc6 3. d4 cxd4 4. Nxd4 Nf6 5. Nc3 e5 6. Ndb5 d6 7. Bg5 a6 8.
Na3 b5 9. Nd5 Be7 10. Nxe7 Nxe7 11. Bxf6 gxf6 12. Qf3 f5 13. exf5 Bxf5 14. Bd3
Be6 15. O-O d5 16. Rad1 f5 17. Qe3 Ng6 18. f4 d4 19. Qe1 O-O 20. fxe5 Ra7 21.
Rf2 Rg7 22. c4 Qa8 23. Rdd2 Nh4 24. Qe2 Kh8 25. Qh5 Rg4 26. h3 Nf3+ 27. Rxf3
Qxf3 28. hxg4 Qe3+ 29. Rf2 Qxd3 30. Qh6 Re8 31. Qf6+ Kg8 32. gxf5 Bc8 33. Rf3
Qd1+ 34. Kh2 Qxf3 35. gxf3 d3 36. e6 Rf8 37. Qg5+ Kh8 38. f6 Rg8 39. Qe5 1-0

[Event "2007. Central Serbia champions"]
[Site "Vrnjacka Banja"]
[Date "2007.12.14"]
[Round "7.17"]
[White "Antic, Dragan"]
[Black "Pantovic, Dragan M"]
[Result "0-1"]
[WhiteElo "2158"]
[BlackElo "2137"]
[PlyCount "104"]
[EventDate "2007.12.10"]

1. e4 c5 2. Nf3 e6 3. c4 Nc6 4. Nc3 e5 5. Be2 d6 6. h3 Nf6 7. d3 h6 8. Be3 Nd4
9. O-O Be7 10. Nd5 Nxd5 11. cxd5 Nxe2+ 12. Qxe2 O-O 13. Nd2 f5 14. f4 exf4 15.
Bxf4 Bg5 16. Bh2 f4 17. a4 b6 18. Nc4 Ba6 19. Rf3 Qf6 20. Raf1 Bxc4 21. dxc4
Qd4+ 22. Kh1 Rae8 23. Qf2 Qxf2 24. R3xf2 Rxe4 25. h4 Bxh4 26. Rxf4 Rfxf4 27.
Bxf4 Be7 28. b3 g5 29. Bg3 Re3 30. Re1 Rxe1+ 31. Bxe1 h5 32. a5 bxa5 33. Bxa5
Kf7 34. Kg1 Kf6 35. Kf2 Kf5 36. Kf3 h4 37. g4+ hxg3 38. b4 cxb4 39. Bxb4 g2 40.
Kxg2 Ke4 41. Be1 Kd4 42. Bf2+ Kxc4 43. Bxa7 Kxd5 44. Kf3 Kc4 45. Ke4 Bd8 46.
Be3 d5+ 47. Ke5 Bc7+ 48. Kf5 Bf4 49. Bxf4 gxf4 50. Kxf4 Kd3 51. Kf3 d4 52. Kf2
Kc2 0-1

[Event "2007. Central Serbia champions"]
[Site "Vrnjacka Banja"]
[Date "2007.12.14"]
[Round "7.20"]
[White "Manojlovic, Selimir"]
[Black "Radenkovic, Dragan"]
[Result "0-1"]
[WhiteElo "2110"]
[BlackElo "2188"]
[PlyCount "71"]
[EventDate "2007.12.10"]

1. e4 Nf6 2. e5 Nd5 3. d4 d6 4. c4 Nb6 5. exd6 exd6 6. Be3 Be7 7. h3 O-O 8. Nf3
Bf5 9. Bd3 Bxd3 10. Qxd3 d5 11. b3 dxc4 12. bxc4 Bb4+ 13. Nc3 Na4 14. Bd2 Re8+
15. Kf1 Nb2 16. Qb1 Bxc3 17. Bxc3 Nxc4 18. Qxb7 Nd7 19. Qb3 Ndb6 20. Rd1 Qd5
21. h4 a5 22. Ba1 Re7 23. Rh3 Rae8 24. Rg3 h6 25. Bc3 Re4 26. Qb1 Na4 27. Qb3
Nab6 28. Re1 R8e6 29. Rh3 Qf5 30. Rxe4 Qxe4 31. Ne5 Nxe5 32. dxe5 Rg6 33. Rf3
Nd5 34. h5 Rb6 35. Bxa5 Rxb3 36. axb3 0-1

[Event "2007. Central Serbia champions"]
[Site "Vrnjacka Banja"]
[Date "2007.12.14"]
[Round "7.21"]
[White "Vasic, Vladimir"]
[Black "Dodic, Dragan"]
[Result "1-0"]
[WhiteElo "2185"]
[BlackElo "2162"]
[PlyCount "126"]
[EventDate "2007.12.10"]

1. e4 c6 2. d4 d5 3. Nc3 dxe4 4. Nxe4 Bf5 5. Ng3 Bg6 6. Nf3 Nd7 7. h4 h6 8. h5
Bh7 9. Bd3 Bxd3 10. Qxd3 e6 11. Bf4 Qa5+ 12. Bd2 Qc7 13. O-O-O Ngf6 14. Rh4 Be7
15. Kb1 b5 16. Qe2 Bd6 17. Nf5 O-O-O 18. Nxd6+ Qxd6 19. c4 bxc4 20. Qxc4 Qd5
21. Qb4 Qb5 22. Qa3 Kb7 23. d5 Nxd5 24. Ra4 Qc5 25. Bb4 Qxf2 26. Nd4 Ra8 27.
Qd3 a5 28. Rf1 Qxg2 29. Bxa5 Nc5 30. Rxf7+ Kc8 31. Nb5 cxb5 32. Qxb5 Qg1+ 33.
Rf1 Qxf1+ 34. Qxf1 Nxa4 35. Qc4+ Kd7 36. Qxa4+ Ke7 37. Qg4 Rhg8 38. Be1 Raf8
39. Bh4+ Kd6 40. a3 Rf1+ 41. Ka2 Rf7 42. Bg3+ e5 43. Qa4 Nf4 44. Be1 Nxh5 45.
Qd1+ Ke6 46. Qxh5 Rf6 47. Qg4+ Kf7 48. Bc3 Re8 49. Qh5+ g6 50. Qxh6 Rf5 51.
Qh7+ Kf6 52. Qh4+ Kf7 53. a4 Rf4 54. Qh7+ Kf6 55. a5 Re6 56. Qh8+ Kf5 57. Qh3+
Kf6 58. Bd2 Rf5 59. Qh8+ Kf7 60. Bb4 Re8 61. Qh7+ Kf6 62. Qd7 Re6 63. Bf8 Ra6
1-0

[Event "2007. Central Serbia champions"]
[Site "Vrnjacka Banja"]
[Date "2007.12.14"]
[Round "7.23"]
[White "Pantic, Ivica"]
[Black "Simic, Milan"]
[Result "1-0"]
[WhiteElo "2192"]
[BlackElo "2140"]
[PlyCount "111"]
[EventDate "2007.12.10"]

1. e4 c5 2. Nf3 e6 3. d4 cxd4 4. Nxd4 a6 5. Bd3 Nc6 6. Nxc6 bxc6 7. O-O Qc7 8.
c4 Nf6 9. Nc3 Be7 10. Kh1 O-O 11. Qe2 d6 12. f4 Nd7 13. b3 Bf6 14. Bb2 Bb7 15.
Rf3 Bd4 16. Rg3 Qd8 17. Rf1 g6 18. Qd2 Qf6 19. f5 Qg7 20. Bc2 c5 21. Bc1 Rfe8
22. Ne2 Be5 23. Nf4 Nf6 24. fxe6 fxe6 25. Qe2 Bc6 26. h4 Rad8 27. Rg5 Qh6 28.
g3 Bxf4 29. Rxf4 Nh5 30. Rf1 Qxg5 31. Qf3 Qe7 32. Bg5 Qg7 33. Bxd8 Rxd8 34. g4
Qe7 35. gxh5 Qxh4+ 36. Kg2 Qg5+ 37. Kh3 Qxh5+ 38. Qxh5 gxh5 39. Kh4 Kg7 40.
Kxh5 Be8+ 41. Kg5 Bg6 42. Rf2 h6+ 43. Kg4 Rd7 44. Rd2 Bh7 45. Kf4 Bg6 46. Rd1
Kf6 47. Rxd6 Rxd6 48. e5+ Kf7 49. Bxg6+ Kxg6 50. exd6 Kf6 51. b4 cxb4 52. Ke4
h5 53. c5 e5 54. Kd5 h4 55. d7 Ke7 56. Kc6 1-0

[Event "2007. Central Serbia champions"]
[Site "Vrnjacka Banja"]
[Date "2007.12.14"]
[Round "7.24"]
[White "Jovanovic, Miroslav V"]
[Black "Tasic, Zoran"]
[Result "0-1"]
[WhiteElo "2052"]
[BlackElo "2178"]
[PlyCount "194"]
[EventDate "2007.12.10"]

1. d4 g6 2. c3 Bg7 3. Bg5 c5 4. e3 Qb6 5. Qb3 Nc6 6. Nd2 Qxb3 7. axb3 cxd4 8.
exd4 d5 9. Ngf3 f6 10. Be3 Nh6 11. b4 b6 12. Bb5 Bb7 13. O-O Nf5 14. Ra2 Nd6
15. Be2 g5 16. Rfa1 b5 17. Nb3 O-O 18. Nc5 Bc8 19. Nd2 h6 20. Ndb3 e6 21. Na5
Nd8 22. f4 Rf7 23. Bf3 Bf8 24. Bd2 Rg7 25. g3 g4 26. Be2 h5 27. Bf1 Rb8 28.
Nab3 Nc6 29. Be1 Nf5 30. Bf2 Bd6 31. Re1 Re7 32. Bd3 e5 33. fxe5 fxe5 34. dxe5
Nxe5 35. Kg2 Nc4 36. Rxe7 Nxe7 37. Rxa7 Nxb2 38. Bd4 Nxd3 39. Nxd3 Rb7 40. Ra6
Nf5 41. Ra8 Rb8 42. Rxb8 Bxb8 43. Bf2 d4 44. Nxd4 Bb7+ 45. Kg1 Nd6 46. Nc5 Bc8
47. Nc6 Bc7 48. Ne7+ Kf7 49. Nxc8 Nxc8 50. Bd4 Bd6 51. Kf2 Ne7 52. Ne4 Bc7 53.
Ng5+ Kg6 54. Ne6 Bb8 55. Bc5 Nd5 56. Bd4 h4 57. Nf8+ Kf5 58. gxh4 Bxh2 59. Nd7
Nf4 60. Nc5 Nh5 61. Kg2 Bg3 62. Bf2 Be5 63. Bd4 Nf4+ 64. Kf2 Bc7 65. Be3 Nh5
66. Kg2 Bd8 67. Bf2 Bf6 68. Be1 Nf4+ 69. Kf1 Nd5 70. Na6 Kf4 71. h5 Kf3 72. h6
Nxc3 73. Nc7 g3 74. Bxg3 Kxg3 75. h7 Kf3 76. Ne8 Bd4 77. Nd6 Kf4 78. Kg2 Kg4
79. Kf1 Kg5 80. Ke1 Kg6 81. Kd2 Kxh7 82. Kd3 Be5 83. Ne4 Na2 84. Kc2 Nxb4+ 85.
Kb3 Nc6 86. Nc5 Kg6 87. Nd3 Bd6 88. Nb2 Kf5 89. Nd3 Ke4 90. Nb2 Be5 91. Nd1 Bd4
92. Kc2 Na5 93. Kd2 b4 94. Kc2 b3+ 95. Kb1 Nc4 96. Kc1 Kd3 97. Kb1 Kd2 0-1

[Event "2007. Central Serbia champions"]
[Site "Vrnjacka Banja"]
[Date "2007.12.14"]
[Round "7.25"]
[White "Dorontic, Zoran"]
[Black "Gagic, Miroljub"]
[Result "1-0"]
[WhiteElo "2167"]
[BlackElo "1930"]
[PlyCount "75"]
[EventDate "2007.12.10"]

1. e4 e6 2. d4 d5 3. e5 c5 4. c3 Nc6 5. Nf3 Qb6 6. Bd3 Bd7 7. dxc5 Bxc5 8. O-O
f6 9. b4 Be7 10. Bf4 fxe5 11. Nxe5 Nxe5 12. Bxe5 Nf6 13. a4 O-O 14. h3 Bd6 15.
Qe2 Rac8 16. Nd2 Bxe5 17. Qxe5 Qc7 18. Qxc7 Rxc7 19. c4 dxc4 20. Bxc4 Rfc8 21.
Ba2 Nd5 22. Bxd5 exd5 23. Nf3 Kf7 24. Rfe1 Kf6 25. Ne5 Be8 26. a5 Bb5 27. Rad1
Rd8 28. Rd4 g5 29. Ng4+ Kf7 30. Re5 Rc1+ 31. Kh2 Bc6 32. Rxg5 Rc4 33. Rxc4 dxc4
34. Rc5 Rd2 35. Rxc4 Ke6 36. Kg3 Kd5 37. Ne3+ Ke5 38. Rxc6 1-0